| 000 | 01475nam a2200373Ia 4500 | ||
|---|---|---|---|
| 001 | ebr10075761 | ||
| 003 | CaPaEBR | ||
| 006 | m u | ||
| 007 | cr cn||||||||| | ||
| 008 | 020214s2001 flug skg 000 0aeng d | ||
| 020 | _z1930841442 (pbk.) | ||
| 040 |
_aCaPaEBR _cCaPaEBR |
||
| 035 | _a(OCoLC)70773995 | ||
| 041 | 1 |
_aeng _aita _hita |
|
| 050 | 1 | 4 |
_aML50 _b.V47 2001eb |
| 082 | 0 | 4 |
_a782.1 _221 |
| 100 | 1 |
_aVerdi, Giuseppe, _d1813-1901. |
|
| 240 | 1 | 0 |
_aTraviata. _sLibretto. _lEnglish & Italian |
| 245 | 1 | 0 |
_aVerdi's La traviata _h[electronic resource] / _cedited by Burton D. Fisher. |
| 246 | 3 | 0 | _aTraviata |
| 260 |
_aCoral Gables, FL : _bOpera Journeys Publishing, _cc2001. |
||
| 300 |
_a109 p. : _bmusic. |
||
| 490 | 1 | _aOpera classics library | |
| 504 | _aIncludes discography, videography, and libretto by Francesco Maria Piave in Italian with English translation. | ||
| 533 |
_aElectronic reproduction. _bPalo Alto, Calif. : _cebrary, _d2009. _nAvailable via World Wide Web. _nAccess may be limited to ebrary affiliated libraries. |
||
| 600 | 1 | 0 |
_aVerdi, Giuseppe, _d1813-1901. _tTraviata. |
| 650 | 0 |
_aOperas _vLibrettos. |
|
| 655 | 7 |
_aElectronic books. _2local |
|
| 700 | 1 | _aFisher, Burton D. | |
| 700 | 1 |
_aPiave, Francesco Maria, _d1810-1876. |
|
| 710 | 2 | _aebrary, Inc. | |
| 830 | 0 | _aOpera classics library. | |
| 856 | 4 | 0 |
_uhttp://site.ebrary.com/lib/rucke/Doc?id=10075761 _zAn electronic book accessible through the World Wide Web; click to view |
| 999 |
_c154982 _d154982 |
||